00343nam a2200121 a 450000500170000000800410001705000210005810000170007924500420009626000500013830000210018865000120020920140310183149.0020826s19uu xx 00 eng d aPZ 1b.M847 1997 aMorgan, Raye aBabies by the busload /cRaye Morgan. aSouth Australia :bGriffin Paperbacks,c1997. a185 p. :c18 cm. aFiction